| 000 | 00770nam a2200205Ii 4500 | ||
|---|---|---|---|
| 003 | JO-AjNU | ||
| 008 | 230605s9999||||xx |||||||||||||| ||und|| | ||
| 017 | _a1981/4723 | ||
| 040 |
_aJO-AjNU _bara _erda _cJO-AjNU |
||
| 041 | _aara | ||
| 050 | 1 | 4 | _aHV713 .I7288 1981 |
| 100 | 3 |
_aبشير، إقبال محمد, _eauthor _98368 |
|
| 245 | 0 | 0 | _aالخدمة الاجتماعية ومجال رعاية الطفولة |
| 264 | 3 | 1 | _aالاسكندرية: المكتب الجامعي الحديث، 1981 |
| 300 |
_a201ص _bيحتوي على ببلوغرافية وملاحق من 170-201ص |
||
| 336 |
_atext _btxt _2rdacontent |
||
| 337 |
_aunmediated _bn _2rdamedia |
||
| 338 |
_avolume _bnc _2rdacarrier |
||
| 650 | 4 |
_a الخدمة الاجتماعية للأطفال _98369 |
|
| 999 |
_aA752 _c4320 _d4320 |
||